| 000 | 01572cam a2200361 a 4500 | ||
|---|---|---|---|
| 001 | 15081740 | ||
| 005 | 20170105102353.0 | ||
| 008 | 071115s2008 nyua b 001 0 eng | ||
| 010 | _a 2007047411 | ||
| 020 | _a9781420052817 (alk. paper) | ||
| 020 | _a1420052810 (alk. paper) | ||
| 035 | _a(OCoLC)ocn181424199 | ||
| 035 |
_a(OCoLC)181424199 _z(OCoLC)144218275 |
||
| 040 |
_aDLC _cDLC _dBAKER _dBTCTA _dYDXCP _dC#P _dDLC |
||
| 050 | 0 | 0 |
_aQA76.5915 _b.I68 2008 |
| 082 | 0 | 0 |
_a384.5 _222 |
| 245 | 0 | 4 |
_aThe Internet of things : from RFID to the next-generation pervasive networked systems _bfrom RFID to the next-generation pervasive networked systems _cLu Yan |
| 260 |
_aNew York : _bAuerbach Publications, _cc2008. |
||
| 300 |
_axi, 318 p. : _bill. ; _c25 cm. |
||
| 490 | 1 | _aWireless networks and mobile communications | |
| 504 | _aIncludes bibliographical references and index. | ||
| 650 | 0 | _aUbiquitous computing. | |
| 650 | 0 | _aEmbedded Internet devices. | |
| 650 | 0 | _aAmbient intelligence. | |
| 650 | 0 | _aRadio frequency identification systems. | |
| 650 | 0 | _aWireless communication systems. | |
| 700 | 1 | _aYan, Lu. | |
| 830 | 0 | _aWireless networks and mobile communications series. | |
| 856 | 4 | 1 |
_3Table of contents only _uhttp://www.loc.gov/catdir/toc/ecip085/2007047411.html |
| 906 |
_a7 _bcbc _corignew _d1 _eecip _f20 _gy-gencatlg |
||
| 942 |
_2ddc _cBK |
||
| 999 |
_c12034 _d12034 |
||